Alle Taylor Swift Songs - Statistiken

Allgemein
  • Dieses Quiz wurde 2.409 mal gespielt
  • Das Durchschnittsergebnis liegt bei 74 aus 272
Antwortstatistiken
Album Song Nummer Antwort % Korrekt
1989 (Taylor's Version) 6 Shake It Off
77%
Lover 3 Lover
71%
Collaborations/Features - Lover (with Shawn Mendes)
71%
1989 (Taylor's Version) 2 Blank Space
67%
Red (Taylor's Version) 2 Red
66%
Fearless (Taylor's Version) 1 Fearless
63%
Fearless (Taylor's Version) 3 Love Story
62%
Fearless (Taylor's Version) 27 Love Story (Elvira Remix)
62%
Lover 2 Cruel Summer
60%
Lover 16 ME! (feat. Brendon Urie of Panic! At the Disco)
58%
Midnights 3 Anti-Hero
57%
Collaborations/Features - Anti-Hero (with Bleachers)
57%
Speak Now (Taylor's Version) 4 Speak Now
57%
1989 (Taylor's Version) 8 Bad Blood
56%
1989 (Taylor's Version) 22 Bad Blood (feat. Kendrick Lamar)
56%
The Tortured Poets Department 1 Fortnight (feat. Post Malone)
56%
1989 (Taylor's Version) 3 Style
55%
folklore 2 cardigan
54%
reputation 6 Look What You Made Me Do
53%
folklore 1 the 1
53%
1989 (Taylor's Version) 1 Welcome To New York
52%
Red (Taylor's Version) 6 22
51%
Red (Taylor's Version) 5 All Too Well
51%
Red (Taylor's Version) 30 All Too Well (10 Minute Version)
51%
folklore 8 august
51%
evermore 15 evermore (feat. Bon Iver)
51%
Fearless (Taylor's Version) 6 You Belong With Me
50%
Midnights 1 Lavender Haze
49%
reputation 1 ...Ready For It?
49%
Lover 4 The Man
49%
Midnights 11 Karma
48%
Midnights (Til Dawn/The Late Night Tracks) 23 Karma (feat. Ice Spice)
48%
Speak Now (Taylor's Version) 15 Ours
47%
1989 (Taylor's Version) 9 Wildest Dreams
47%
Speak Now (Taylor's Version) 9 Enchanted
46%
folklore 14 betty
45%
reputation 5 Delicate
45%
Red (Taylor's Version) 4 I Knew You Were Trouble
45%
evermore 1 willow
45%
reputation 9 Getaway Car
44%
Taylor Swift 11 Our Song
44%
Red (Taylor's Version) 8 We Are Never Ever Getting Back Together
44%
reputation 4 Don't Blame Me
43%
folklore 4 exile (feat. Bon Iver)
43%
Midnights 6 Midnight Rain
42%
Lover 7 Miss Americana & The Heartbreak Prince
42%
evermore 2 champagne problems
41%
reputation 2 End Game (feat. Ed Sheeran & Future)
41%
1989 (Taylor's Version) 4 Out of the Woods
41%
Lover 5 The Archer
41%
Taylor Swift 1 Tim McGraw
41%
Lover 14 You Need To Calm Down
41%
The Tortured Poets Department 2 The Tortured Poets Department
40%
The Tortured Poets Department 13 I Can Do It With a Broken Heart
39%
Midnights 4 Snow on the Beach (feat. Lana Del Rey)
39%
Midnights (Til Dawn/The Late Night Tracks) 22 Snow On The Beach (feat. More Lana Del Rey)
39%
reputation 12 Dress
39%
Lover 11 London Boy
38%
Midnights 2 Maroon
38%
Lover 8 Paper Rings
38%
1989 (Taylor's Version) 13 Clean
37%
Lover 18 Daylight
37%
reputation 8 Gorgeous
37%
reputation 15 New Year's Day
37%
The Tortured Poets Department 5 So Long, London
37%
Taylor Swift 3 Teardrops On My Guitar
37%
1989 (Taylor's Version) 21 Is It Over Now?
36%
Taylor Swift 2 Picture to Burn
36%
1989 (Taylor's Version) 17 "Sl*t!"
36%
Midnights 5 You're on Your Own, Kid
36%
Midnights 9 Bejeweled
35%
reputation 3 I Did Something Bad
35%
Speak Now (Taylor's Version) 14 Long Live
35%
Collaborations/Features - Long Live (with Paula Fernandes)
35%
Fearless (Taylor's Version) 5 White Horse
35%
The Tortured Poets Department 6 But Daddy I Love Him
34%
Speak Now (Taylor's Version) 5 Dear John
34%
The Tortured Poets Department 4 Down Bad
34%
folklore 10 illicit affairs
34%
Speak Now (Taylor's Version) 1 Mine
34%
folklore 5 my tears ricochet
34%
1989 (Taylor's Version) 16 New Romantics
34%
folklore 3 the last great american dynasty
34%
Midnights 8 Vigilante Sh*t
34%
1989 (Taylor's Version) 14 Wonderland
34%
Speak Now (Taylor's Version) 3 Back to December
33%
Lover 9 Cornelia Street
33%
The Tortured Poets Department 14 The Smallest Man Who Ever Lived
33%
Fearless (Taylor's Version) 2 Fifteen
33%
folklore 6 mirrorball
33%
Speak Now (Taylor's Version) 2 Sparks Fly
33%
The Tortured Poets Department 8 Florida!!! (feat. Florence + The Machine)
32%
Speak Now (Taylor's Version) 12 Haunted
32%
Taylor Swift (Deluxe) 13 Invisible
32%
reputation 10 King of My Heart
32%
Midnights 13 Mastermind
32%
Speak Now (Taylor's Version) 6 Mean
32%
folklore 7 seven
32%
reputation 14 Call It What You Want
31%
evermore 13 marjorie
31%
folklore 17 the lakes
31%
1989 (Taylor's Version) 11 This Love
31%
Speak Now (Taylor's Version) 10 Better Than Revenge
30%
Singles/Other - Christmas Tree Farm
30%
reputation 11 Dancing With Our Hands Tied
30%
evermore 6 no body, no crime (feat. HAIM)
30%
folklore 16 hoax
30%
folklore 9 this is me trying
30%
reputation 13 This Is Why We Can't Have Nice Things
30%
evermore 5 tolerate it
30%
The Tortured Poets Department 10 Who's Afraid of Little Old Me?
30%
Lover 15 Afterglow
29%
1989 (Taylor's Version) 10 How You Get the Girl
29%
1989 (Taylor's Version) 19 Now That We Don't Talk
29%
Midnights (3am Edition) 16 Paris
29%
1989 (Taylor's Version) 5 All You Had To Do Was Stay
28%
Lover 1 I Forgot That You Existed
28%
The Tortured Poets Department 12 loml
28%
Fearless (Taylor's Version) 22 Mr. Perfectly Fine
28%
The Tortured Poets Department 15 The Alchemy
28%
The Tortured Poets Department 3 My Boy Only Breaks His Favorite Toys
27%
Lover 13 False God
27%
folklore 11 invisible string
27%
Midnights 10 Labyrinth
27%
Red (Taylor's Version) 9 Stay Stay Stay
27%
1989 (Taylor's Version) 20 Suburban Legends
27%
1989 (Taylor's Version) 15 You Are In Love
27%
The Tortured Poets Department 16 Clara Bow
26%
1989 (Taylor's Version) 12 I Know Places
26%
Midnights 7 Question... ?
26%
reputation 7 So It Goes...
26%
Midnights (3am Edition) 14 The Great War
26%
Red (Taylor's Version) 20 State Of Grace (Acoustic Version)
25%
evermore 3 gold rush
25%
evermore 10 ivy
25%
1989 (Taylor's Version) 18 Say Don't Go
25%
Lover 12 Soon You'll Get Better (feat. Dixie Chicks)
25%
Red (Taylor's Version) 1 State of Grace
25%
Midnights (3am Edition) 20 Dear Reader
24%
Lover 10 Death By A Thousand Cuts
24%
Midnights (Til Dawn/The Late Night Tracks) 24 You're Losing Me (From The Vault)
24%
folklore 13 epiphany
24%
Fearless (Taylor's Version) 4 Hey Stephen
24%
Speak Now (Taylor's Version) 19 I Can See You
24%
folklore 15 peace
24%
Red (Taylor's Version) 21 Ronan
24%
Taylor Swift 9 Should've Said No
24%
The Tortured Poets Department 9 Guilty as Sin?
23%
Midnights (Til Dawn/The Late Night Tracks) 21 Hits Different
23%
Collaborations/Features - I Don't Wanna Live Forever (with ZAYN)
23%
Lover 17 It's Nice To Have A Friend
23%
folklore 12 mad woman
23%
Taylor Swift 10 Mary's Song (Oh My My My)
23%
evermore 16 right where you left me
23%
Speak Now (Taylor's Version) 16 Superman
23%
Speak Now (Taylor's Version) 18 When Emma Falls in Love
23%
Midnights (3am Edition) 19 Would've, Could've, Should've
23%
Midnights (3am Edition) 15 Bigger Than The Whole Sky
22%
evermore 11 cowboy like me
22%
Speak Now (Taylor's Version) 20 Castles Crumbling (feat. Hayley Williams)
21%
evermore 8 dorothea
21%
Speak Now (Taylor's Version) 17 Electric Touch (feat. Fall Out Boy)
21%
Red (Taylor's Version) 14 Everything Has Changed (feat. Ed Sheeran)
21%
The Tortured Poets Department 7 Fresh Out the Slammer
21%
Midnights (3am Edition) 18 Glitch
21%
Lover 6 I Think He Knows
21%
1989 (Taylor's Version) 7 I Wish You Would
21%
Speak Now (Taylor's Version) 13 Last Kiss
21%
Red (Taylor's Version) 28 Run (feat. Ed Sheeran)
21%
Fearless (Taylor's Version) 10 The Way I Loved You
21%
Speak Now (Taylor's Version) 22 Timeless
21%
Red (Taylor's Version) 22 Better Man
20%
Songwriting - Better Man (for Little Big Town)
20%
evermore 7 happiness
20%
The Tortured Poets Department 11 I Can Fix Him (No Really I Can)
20%
Red (Taylor's Version) 25 Message In A Bottle
20%
Midnights 12 Sweet Nothing
20%
Red (Taylor's Version) 10 The Last Time (feat. Gary Lightbody)
20%
Speak Now (Taylor's Version) 7 The Story of Us
20%
evermore 9 coney island (feat. The National)
19%
Fearless (Taylor's Version) 11 Forever & Always
19%
Fearless (Taylor's Version) 16 Forever & Always (Piano Version)
19%
Red (Taylor's Version) 11 Holy Ground
19%
Speak Now (Taylor's Version) 11 Innocent
19%
The Tortured Poets Department 17 The Manuscript
19%
evermore 4 'tis the damn season
19%
Red (Taylor's Version) 24 Babe
18%
Collaborations/Features - Babe (with Sugarland)
18%
Red (Taylor's Version) 16 Begin Again
18%
Taylor Swift 5 Cold As You
18%
Red (Taylor's Version) 18 Come Back... Be Here
18%
Speak Now (Taylor's Version) 8 Never Grow Up
18%
Red (Taylor's Version) 15 Starlight
18%
Taylor Swift 6 The Outside
18%
Fearless (Taylor's Version) 13 Change
17%
Red (Taylor's Version) 23 Nothing New (feat. Phoebe Bridgers)
17%
Speak Now (Taylor's Version) 21 Foolish One
17%
The Taylor Swift Holiday Collection 1 Last Christmas
17%
Fearless (Taylor's Version) 18 Superstar
17%
Fearless (Taylor's Version) 12 The Best Day
17%
Red (Taylor's Version) 3 Treacherous
17%
Singles/Other - All Of The Girls You Loved Before
16%
Taylor Swift 4 A Place In This World
16%
evermore 14 closure
16%
Red (Taylor's Version) 26 I Bet You Think About Me (feat. Chris Stapleton)
16%
Red (Taylor's Version) 27 Forever Winter
16%
Red (Taylor's Version) 19 Girl At Home
16%
Midnights (3am Edition) 17 High Infidelity
16%
evermore 17 it's time to go
16%
Fearless (Taylor's Version) 14 Jump Then Fall
16%
evermore 12 long story short
16%
Red (Taylor's Version) 12 Sad Beautiful Tragic
16%
Fearless (Taylor's Version) 19 The Other Side of the Door
16%
Fearless (Taylor's Version) 7 Breathe (feat. Colbie Caillat)
15%
Fearless (Taylor's Version) 26 Bye Bye Baby
15%
Fearless (Taylor's Version) 25 Don't You
15%
Red (Taylor's Version) 29 The Very First Night
15%
Taylor Swift 8 Stay Beautiful
14%
Red (Taylor's Version) 13 The Lucky One
14%
Taylor Swift 7 Tied Together With a Smile
14%
Singles/Other - Carolina
13%
Red (Taylor's Version) 7 I Almost Do
13%
Taylor Swift (Deluxe) 12 I'm Only Me When I'm With You
13%
Singles/Other - Only The Young
13%
Fearless (Taylor's Version) 8 Tell Me Why
13%
Red (Taylor's Version) 17 The Moment I Knew
13%
Fearless (Taylor's Version) 20 Today Was A Fairytale
13%
Fearless (Taylor's Version) 9 You're Not Sorry
13%
Taylor Swift (Deluxe) 14 A Perfectly Good Heart
12%
Fearless (Taylor's Version) 17 Come In With the Rain
12%
The Taylor Swift Holiday Collection 3 Santa Baby
12%
Fearless (Taylor's Version) 24 That's When (feat. Keith Urban)
12%
Collaborations/Features - Safe & Sound (with Joy Williams and John Paul White) (Taylor's Version)
11%
Fearless (Taylor's Version) 21 You All Over Me (feat. Maren Morris)
11%
Nicht veröffentlicht - Need
11%
1989 (Taylor's Version) 22 Sweeter Than Fiction
11%
Fearless (Taylor's Version) 15 Untouchable
11%
Fearless (Taylor's Version) 23 We Were Happy
11%
Singles/Other - Crazier
10%
Collaborations/Features - Renegade (with Big Red Machine)
10%
Songwriting - This Is What You Came For (for Calvin Harris & Rihanna)
10%
Singles/Other - If This Was a Movie (Taylor's Version)
9%
Collaborations/Features - The Joker And The Queen (with Ed Sheeran)
9%
Singles/Other - Eyes Open (Taylor's Version)
9%
The Taylor Swift Holiday Collection 6 White Christmas
9%
The Taylor Swift Holiday Collection 4 Silent Night
8%
Parodien - Monologue Song
7%
Singles/Other - Beautiful Eyes
6%
The Taylor Swift Holiday Collection 2 Christmases When You Were Mine
6%
Singles/Other - I Heart ?
6%
Collaborations/Features - The Alcott (with The National)
6%
Singles/Other - Beautiful Ghosts
5%
Collaborations/Features - Both of Us (with B.O.B.)
5%
The Taylor Swift Holiday Collection 5 Christmas Must Be Something More
5%
Parodien - Three Sad Virgins (with Pete Davidson)
5%
Collaborations/Features - Gasoline (with HAIM)
5%
Collaborations/Features - Birch (with Big Red Machine)
4%
Collaborations/Features - Highway Don't Care (with Tim McGraw)
4%
Singles/Other - Macavity
4%
Songwriting - You'll Always Find Your Way Back Home (for Miley Cyrus)
4%
Nicht veröffentlicht - Battle (Let's Go)
3%
Collaborations/Features - Half of My Heart (with John Mayer)
3%
Nicht veröffentlicht - I'd Lie
3%
Parodien - Thug Story (with T-Pain)
3%
Nicht veröffentlicht - Dark Blue Tennessee
2%
Nicht veröffentlicht - Didn't They
2%
Nicht veröffentlicht - Drama Queen
2%
Nicht veröffentlicht - Permanent Marker
2%
Collaborations/Features - Two Is Better Than One (with Boys Like Girls)
2%
Songwriting - Best Days of Your Life (for Kellie Pickler)
1%
Songwriting - Bein' With My Baby (for Shea Fisher)
1%
Songwriting - This Is Really Happening (for Britni Hoover)
1%
Keine übereinstimmenden Quizze gefunden
Verteilung der Resultate
Anzahl Personen mit jedem Resultat
Perzentil nach korrekt beantworteten Fragen
Ihre Resultats-Entwicklung
Sie haben dieses Quiz noch nicht gespielt